000 00751nam a2200253Ia 4500
003 OSt
005 20221005082732.0
006 a|||||r|||| 00| 0
007 ta
008 221004b |||||||| |||| 00| 0 eng d
020 _a97881 84203271 (hbk)
_c1000
024 _a19728
037 _b110, 17/03/2015, Mallika Books
_cTextual
040 _aCRL
_cCRL
_beng
041 _2eng
_aeng
082 _aV2:2.P1, Q2
100 _aSrivastava Anup K.
_9612082
245 0 _aGovernment and politics of India
260 _aNew Delhi
_bSumit Enterprises India
_c2012
300 _aviii, 296p.
_ccm.
650 _aHISTORY
942 _hV2:2.P1, Q2
_cTEXL
_2cc
999 _c989798
_d989798